000 00963nam a2200397Ia 4500
001 8638
005 20240113234125.0
007 ta
008 050720s1981 a g b000 u eng u
020 _cHB
040 _aCotton College,Assam
041 _aeng
082 _a370.954
_bKo 811 Pi
100 _aKochhar, S.K..
245 0 _aPivotal Issues in Indian Education /
_cS.K. Kochhar.
_hTextual Documents
250 _a1st ed. /
260 _aNew Delhi :
_bSterling publishers ,
_c1981.
300 _av,344p. :
_bill ;
_c21cm .
653 _aEducation-India
653 _aIndian Education-Pivotal Issues
653 _aPG-Education
653 _aG-Education
942 _2ddc
_cBK
999 _c8625
_d8625